Normal view
MARC view
- Atkinson, Charles Francis
Entry Personal Name
001 - CONTROL NUMBER
- control field: 46050
003 - CONTROL NUMBER IDENTIFIER
- control field: NUST
005 - DATE AND TIME OF LATEST TRANSACTION
- control field: 20210314133414.0
008 - FIXED-LENGTH DATA ELEMENTS
- fixed length control field: 210314|| aca||aabn | a|a d
040 ## - CATALOGING SOURCE
- Original cataloging agency: NUST
- Transcribing agency: NUST
100 ## - HEADING--PERSONAL NAME
- Personal name: Atkinson, Charles Francis
670 ## - SOURCE DATA FOUND
- Source citation: Work cat.: (NUST): Spengler, Oswald, 17882, The decline of the west , 1962.
